000 00714nam0a22002291 4500
001 rc\2224038
005 20250623004005.0
035 _a(NLR Aleph) 006495465
090 _a6176567
_c6176567
100 _a20110829d1978 |||y0rusy50 ca
101 0 _arus
102 _aRU
105 _ay z |||||
200 1 _aСтекло в химических лабораториях
_eКрат. описание экспонатов выставки
_fАН СССР
210 _aМосква
_cПавильон "Химия" АН СССР
_d1978
215 _a[1], 31 л.
_d29
712 0 2 _aАН СССР
801 0 _aRU
_bNLR
_gpsbo
801 1 _aRU
_bELAR
_2rusmarc
852 _aNLR
_jПт 44.5/197
942 _cBOOK
980 _aNB